000 02037nam a2200253 i 4500
003 DO-SdBNP
005 20250909091243.0
007 ta
008 250502b2000 dr a|||| |||| 00| 0 spa d
040 _aDO-SdBNP
_bspa
_cBNPHU
_erda
041 _aspa
082 4 _222
_axxx
_bxxx
110 2 _aAgencia Española de Cooperación Internacional
_934585
245 1 0 _aHoja de ruta para hacer de República Dominicana un país libre de trabajo infantil y sus peores formas
264 _a[Lugar de publicación no identificado] :
_bComité Directivo Nacional de Lucha Contra el Trabajo Infantil,
_bILO International Programme on the Elimination of Child Labour,
_c[fecha de publicación no identificada]
300 _a120 paginas :
_bilustraciones ;
_c24cm.
336 _atexto
_btxt
_2rdacontent
337 _asin mediación
_bn
_2rdamedia
338 _avolumen
_bnc
_2rdacarrier
500 _aProyecto "Fomento de una cultura de cumplimiento en materia laboral" No. ATN/SF-10219-RG. Componente "Desarrollo de una Hoja de Ruta para hacer de Centroamérica, Panamá y República Dominicana una Zona Libre de Trabajo Infantil. Etapa 1
505 _aSiglas --
_tResumen ejecutivo --
_tCapítulo 1. Introducción --
_tCapítulo 2. Dimensión de impacto: lucha contra la promesa y trabajo infantil --
_tCapítulo 3. Dimensión de impacto: Política de salud y trabajo infantil --
_tCapítulo 4. Dimensión de impacto: Política educativa y el trabajo infantil --
_tCapítulo 5. Dimensión de impacto: Marco normativo e institucional protección de derechos --
_tMarco institucional: Fortalecimiento de la capacidad de los actores con responsabilidad directa --
_tCapítulo 6. Dimensión de impacto: Sensibilización y movilización social --
_tCapítulo 7. Dimensión de impacto: Generación de conocimiento y mecanismos de seguimiento a las políticas con incidencia en la lucha contra el trabajo infantil y sus peores formas --
_tCapítulo 8. Mecanismo de seguimiento, monitoreo y evolución para la hija de ruta.
910 _aLP
942 _2ddc
_cLBS1
999 _c58917
_d58917